Mission, communion and relationship (Record no. 120755)
[ view plain ]
| 000 -LEADER | |
|---|---|
| fixed length control field | 01635nam a2200385 a 4500 |
| 082 04 - DEWEY DECIMAL CLASSIFICATION NUMBER | |
| Classification number | 259/.2308109667 |
| 100 1# - MAIN ENTRY--AUTHOR NAME | |
| Personal name | Addai-Mensah, Peter. |
| 245 10 - TITLE STATEMENT | |
| Title | Mission, communion and relationship |
| 260 ## - PUBLICATION, DISTRIBUTION, ETC. (IMPRINT) | |
| Place of publication | New York : |
| Name of publisher | Peter Lang, |
| Year of publication | c2009. |
| 300 ## - PHYSICAL DESCRIPTION | |
| Number of Pages | x, 242 p. : |
| Other physical details | map. |
| 490 1# - SERIES STATEMENT | |
| Series statement | American university studies. Series VII, Theology and religion, |
| 650 #0 - SUBJECT ADDED ENTRY--TOPICAL TERM | |
| Topical Term | Church work with youth |
| Topical Term | Young men |
| Topical Term | Problem youth |
| Topical Term | Church work with youth |
| 856 40 - ELECTRONIC LOCATION AND ACCESS | |
| Uniform Resource Identifier | http://site.ebrary.com/lib/rucke/Doc?id=10516931 |
No items available.
